| 000 | 00496nam a2200169 i 4500 | ||
|---|---|---|---|
| 001 | 29011 | ||
| 003 | ES-MaACL | ||
| 005 | 20230906153951.0 | ||
| 007 | t| | ||
| 008 | 030120s1972 xxr ||||1| eng d | ||
| 100 | 1 |
_aBalalaev, G. A. _924815 |
|
| 245 | 1 | 0 |
_aCorrosion-prevention practice / _cG. A. Balalaev ; translated from the russian by I. Sapronova. |
| 260 |
_aMoscĂș : _bMiz, _c1972. |
||
| 300 |
_a343 p. : _bil. ; _c21 cm. |
||
| 700 | 1 |
_aSapronova, I. _9103730 |
|
| 852 |
_aES-MaACL _jC-56747 |
||
| 999 |
_c29011 _d29011 |
||